Uniforms of the American Revolution in color /

Bibliographic Details
Main Author: Mollo, John
Format: Book
Language:English
Published: New York : Sterling Pub. Co., 1991.
Subjects:

MARC

Tag First Indicator Second Indicator Subfields
LEADER 00000cam a2200000 a 4500
001 in00001237214
005 20151003062343.0
008 901101r19911975nyua b 000 0 eng
010 |a  90023671  
015 |a GB91-42803 
020 |a 0806982403 :  |c $9.95 ($12.95 Can.) 
035 |a (OCoLC)22731645 
035 |9 AGS7508AM 
040 |a DLC  |c DLC  |d UKM  |d TXA  |d UtOrBLW 
043 |a n-us--- 
049 |a TXAM 
050 0 0 |a UC480  |b .M66 1991 
082 0 0 |a 355.1/4/09  |2 20 
100 1 |a Mollo, John. 
245 1 0 |a Uniforms of the American Revolution in color /  |c John Mollo ; illustrated by Malcolm McGregor. 
264 1 |a New York :  |b Sterling Pub. Co.,  |c 1991. 
300 |a 228 pages :  |b color illustrations ;  |c 20 cm. 
336 |a text  |b txt  |2 rdacontent 
337 |a unmediated  |b n  |2 rdamedia 
338 |a volume  |b nc  |2 rdacarrier 
500 |a Reprint. Previously published: New York : Macmillan, 1975. 
504 |a Includes bibliographical references (pages 227-228). 
650 0 |a Military uniforms  |x History. 
651 0 |a United States  |x History  |y Revolution, 1775-1783. 
653 |a Armies  |a Uniforms  |a History 
653 |a United States 
999 |a MARS 
999 f f |s 263ff176-e5f8-3edf-9d0e-82b04e89d274  |i 94be2479-db93-33f7-8e40-816ff5355c6b  |t 0 
952 f f |p ric  |a Texas A&M University  |b Rellis Campus  |c Joint Library Facility  |d Remote Storage  |t 0  |e UC480 .M66 1991  |h Library of Congress classification  |i unmediated -- volume  |m A14819736958 
998 f f |a UC480 .M66 1991  |t 0  |l Remote Storage